000 02590cam a22003854a 4500
001 11869626
003 BJBSDDR
005 20240418120453.0
007 ta
008 991216s2015 sp b 001 0benspa d
010 _a 99087466
020 _a9788499928951 (paperbacks)
040 _aDLC
_cDLC
_dDLC
_bspa
041 _aspa
042 _apcc
050 1 4 _aHX 39.5
_bM392W 2018
082 0 0 _a335.4/092
_aB
_221
100 1 _aWheen, Francis.
_93120
245 1 0 _aKarl Marx /
_cFrancis Wheen ; prologo de César Rendueles.
250 _a1st American ed.
260 _aBarcelona :
_bPenguin Random House,
_c2015.
300 _a427 páginas ;
_c25 cm.
505 _a1. El desconocido-- 2. El pequeño jabalí-- 3. El rey que comió hierva-- 4. El ratón en el desván-- 5. El temible duende-- 6. El megalosaurio-- 7. Los lobos hambrientos-- 8. El héroe a caballo-- 9. Los bulldogs y la hiena-- 10. El arte de la digresión-- 11. El elefante rufián-- 12. El puercoespín afeitado.
520 _aLas ideas de Karl Marx son probablemente las que más han influido en el mundo después de las de Jesucristo. En esta apasionante y en ocasiones muy divertida biografía se nos presenta por primera vez a Karl Marx en su faceta más humana. Un apasionado agitador, que pasó casi toda su vida encerrado en la sala de lectura del Museo Británico; un hombre sociable y simpático que, sin embargo, acabó enemistado con casi todos sus amigos; un abnegado padre de familia que dejó embarazada a la criada; un intelectual profundamente serio al que le gustaba beber, contar chistes y fumar puros y un hijo pródigo al que su madre le dijo: «Habría preferido que reunieras un capital en vez de escribir sobre él.» La vida y las ideas de Marx, su encanto y su cólera, se muestran en toda su complejidad y contradicción: la de un brillante y provocador filósofo que vivió, como en los libros de Dickens, los tiempos difíciles de un caballero venido a menos.
600 1 0 _a Marx, Karl,
_d1818-1883
_9210
_xPensamiento político y social
650 0 _aCommunists
_vBiography.
650 0 _aCommunism.
650 4 _aComunismo
_93009
_x Biografías
700 1 _aRendueles y Menéndez de Llano, César,
_d1975-
_925048
_eprologuista
856 4 _3Table of Contents
_uhttp://lcweb.loc.gov/catdir/toc/99087466.html
906 _a7
_bcbc
_corignew
_d1
_eocip
_f19
_gy-gencatlg
942 _2lcc
_n0
_cBK
946 _irmza
999 _c121034
_d121034